00792nam a2200169Ia 4500008004100000020001800041050001900059100002000078245008200098250001100180260002100191300001100212500005600223505026500279650004000544700003800584121028s9999 xx 000 0 und d a968-26-0134-7 aBC135 C67 1979 aCOPI, Irving M. aLógica simbólica / Irving M. Copi ; traducción Andrés Sestier Boulier a2a ed. aMéxico : CECSA a407 p. aIncluye índices Título original: Symbolic logic aPrefacio 1. Introducción: la lógica y el lenguaje 2. Argumentos que contienen enunciados compuestos 3. El método de deducción 4. Funciones proposicionales y cuantificadores 5. La lógica de las relaciones 6. Sistemas deductivos 7. Un cálculo proposi aLógica simbólica y matemática aSestier Boulier, Andrés, tr.Ì